| 000 | 00858nam a2200265 a 4500 | ||
|---|---|---|---|
| 001 | BRCA_5503 | ||
| 005 | 20190320205116.0 | ||
| 008 | 030211s1939----enka######---#000-0#eng-# | ||
| 041 | _aeng | ||
| 044 | _aenk | ||
| 050 | 4 |
_aND545 _b.R42 1939 |
|
| 100 | 1 |
_aReau, Louis _914064 |
|
| 245 | 1 | 0 |
_aFrench Painting in the XIVth, XVth and XVIth centuries _cLouis Reau ; edited by André Gloeckner ; translated from the French by Mary Chamot. |
| 260 |
_aLondres _bHyperion _c1939 |
||
| 300 |
_a41 p. _bil. (algunas a color), 108 láminas _c32 cm. |
||
| 500 | _aIncluye biografía de pintores | ||
| 500 | _aE178 | ||
| 504 | _aBibliografía: p. 40-41 | ||
| 650 | 1 | 4 |
_aPintura francesa _95229 |
| 650 | 1 | 4 |
_aPintura _xHistoria _914065 |
| 700 | 1 |
_aGloeckner, André _eEditor _914066 |
|
| 700 | 1 |
_aChamot, Mary _eTraductora. _914067 |
|
| 902 | _aGFM | ||
| 942 |
_2lcc _cB |
||
| 999 |
_c5197 _d5197 |
||